| 000 | 01858cam a22004214a 4500 | ||
|---|---|---|---|
| 001 | 13949738 | ||
| 005 | 20260427135137.0 | ||
| 008 | 050503s2005 nyua bc 001 0 eng | ||
| 035 | _a13949738 | ||
| 906 |
_a7 _bcbc _corignew _d1 _eocip _f20 _gy-gencatlg |
||
| 925 | 0 |
_aacquire _b2 shelf copies _xpolicy default |
|
| 955 |
_djh12 2005-05-04 to SL _ejh12 2005-05-04 to Dewey _fpv15 2006-03-16 Z-CipVer |
||
| 010 | _a 2005048800 | ||
| 020 | _a0393730794 | ||
| 020 |
_a0393107280 _qCD-ROM |
||
| 020 | _a9780393730791 | ||
| 020 |
_a9780393107289 _q(CD-ROM) |
||
| 035 | _a(OCoLC)60323260 | ||
| 040 |
_aDLC _cDLC _dBAKER _dC#P _dPUL _dDLC |
||
| 042 | _apcc | ||
| 050 | 0 | 0 |
_aNA2840 _b.J97 2005 |
| 082 | 0 | 0 |
_a721 _222 |
| 100 | 1 |
_aJuracek, Judy A. _915755 |
|
| 245 | 1 | 0 |
_aArchitectural surfaces : _bdetails for artists, architects, and designers / _cJudy A. Juracek, Peter Pennoyer, architectural consultant. |
| 250 | _a1st ed. | ||
| 260 |
_aNew York : _bW.W. Norton, _cc2005. |
||
| 300 |
_a352 p. : _bcol. ill. ; _c29 cm. + _e1 CD-ROM (4 3/4 in.) |
||
| 336 |
_atext _btxt _2rdacontent |
||
| 337 |
_aunmediated _bn _2rdamedia |
||
| 338 |
_avolume _bnc _2rdacarrier |
||
| 504 | _aIncludes bibliographical references (p. 343) and index. | ||
| 538 | _aSystem requirements: Macintosh or Windows. | ||
| 650 | 0 |
_aArchitecture _xDetails _vCatalogs. _915756 |
|
| 655 | 7 |
_aCatalogs. _2lcgft _0https://id.loc.gov/authorities/genreForms/gf2014026057 _912662 |
|
| 700 | 1 |
_aPennoyer, Peter. _915757 |
|
| 991 |
_br-MRR _hNA2840 _i.J97 2005 _tCopy 1 _mAlc _wGenBib |
||
| 999 | f | f |
_iab363d84-e3bb-5b1c-aa83-68919d60faf0 _s98edd637-6112-4242-8632-c8f8486a4e24 _c5834 _d5834 |